000 01367nam a2200349Ia 4500
001 ebr10223228
003 CaPaEBR
006 m u
007 cr cn|||||||||
008 071211s2008 gw a sb 001 0 eng d
020 _z9783540751564 (hbk.)
020 _z3540751564 (hbk.)
020 _z3540751572
020 _z9783540751571 (ebook)
040 _aCaPaEBR
_cCaPaEBR
035 _a(OCoLC)233973520
050 1 4 _aQP623.5.S63
_bR63 2008eb
245 0 0 _aRNA interference
_h[electronic resource] /
_cPatrick J. Paddison, Peter K. Vogt, editors.
260 _aBerlin :
_bSpringer,
_cc2008.
300 _aviii, 273 p. :
_bill. (chiefly col.).
490 1 _aCurrent topics in microbiology and immunology ;
_v320
504 _aIncludes bibliographical references and index.
533 _aElectronic reproduction.
_bPalo Alto, Calif. :
_cebrary,
_d2011.
_nAvailable via World Wide Web.
_nAccess may be limited to ebrary affiliated libraries.
650 0 _aGene silencing.
650 0 _aRNA.
655 7 _aElectronic books.
_2local
700 1 _aVogt, P. K.
_q(Peter K.),
_d1932-
700 1 _aPaddison, Patrick J.
710 2 _aebrary, Inc.
830 0 _aCurrent topics in microbiology and immunology ;
_v320.
856 4 0 _uhttp://site.ebrary.com/lib/rucke/Doc?id=10223228
_zAn electronic book accessible through the World Wide Web; click to view
999 _c132676
_d132676